| 000 | 00558nam a22001817a 4500 | ||
|---|---|---|---|
| 999 |
_c9102 _d9102 |
||
| 008 | 210323b ||||| |||| 00| 0 eng d | ||
| 040 | _aBMS College of Architecture | ||
| 100 | _aP, S, Rashmi | ||
| 245 | _aGovernment - Multi - Specilty hospital Pavagada | ||
| 300 | _a74p. | ||
| 500 | _a1BM06AT030 | ||
| 502 |
_8B.Arch _NBMS College of Architecture, Visvesvaraya Technological University _aProject report _d2011 |
||
| 650 | _aPavagada | ||
| 650 | _aHospital | ||
| 700 |
_aSindhu Srikanth _eGuide |
||
| 700 |
_aK R Madhu Chand _eGuide |
||
| 942 |
_2ddc _cTHE |
||